000 00226nam a22000857a 4500
008 170608b xxu||||| |||| 00| 0 eng d
100 _93336
_aBerry. N
245 _aThe story of time
260 _aNew Delhi
_bChildren's Book Trust
_c2001
999 _c6655
_d6655